Приложение "Редактор гитарных табулатур" под ОС Android; Информационные технологии в науке, управлении, социальной сфере и медицине
| Источник: | Информационные технологии в науке, управлении, социальной сфере и медицине.— 2015.— [С. 166-168] |
|---|---|
| Главный автор: | |
| Автор-организация: | |
| Другие авторы: | |
| Примечания: | Заглавие с титульного экрана Development and implementation of applications for editing guitar tablature for OS Android. Scenarios were developed using the program, the algorithms of the program within each area, such as the process of using the workspace tablature, tablature universal concept of conservation, efficient use of memory allocated to the application, etc. In parallel to design the user interface of the application. At the moment, the purpose of project activities has not yet been reached, but made the task 1, 2, 3, that is done by most. |
| Язык: | русский |
| Опубликовано: |
2015
|
| Серии: | Информационные системы и технологии |
| Предметы: | |
| Online-ссылка: | http://earchive.tpu.ru/handle/11683/17326 http://www.lib.tpu.ru/fulltext/c/2015/C24/073.pdf |
| Формат: | Электронный ресурс Статья |
| Запись в KOHA: | https://koha.lib.tpu.ru/cgi-bin/koha/opac-detail.pl?biblionumber=613791 |
MARC
| LEADER | 00000naa2a2200000 4500 | ||
|---|---|---|---|
| 001 | 613791 | ||
| 005 | 20260525143209.0 | ||
| 035 | |a (RuTPU)RU\TPU\conf\11948 | ||
| 035 | |a RU\TPU\conf\11947 | ||
| 090 | |a 613791 | ||
| 100 | |a 20150901d2015 k y0rusy50 ca | ||
| 101 | 0 | |a rus | |
| 102 | |a RU | ||
| 135 | |a drcn ---uucaa | ||
| 181 | 0 | |a i | |
| 182 | 0 | |a b | |
| 200 | 1 | |a Приложение "Редактор гитарных табулатур" под ОС Android |d Application “Editor guitar tablature” for OS Android |f М. С. Морев, В. А. Адигамова | |
| 203 | |a Текст |c электронный | ||
| 225 | 1 | |a Информационные системы и технологии | |
| 300 | |a Заглавие с титульного экрана | ||
| 320 | |a [Библиогр.: с. 168 (4 назв.)] | ||
| 330 | |a Development and implementation of applications for editing guitar tablature for OS Android. Scenarios were developed using the program, the algorithms of the program within each area, such as the process of using the workspace tablature, tablature universal concept of conservation, efficient use of memory allocated to the application, etc. In parallel to design the user interface of the application. At the moment, the purpose of project activities has not yet been reached, but made the task 1, 2, 3, that is done by most. | ||
| 337 | |a Adobe Reader | ||
| 463 | 1 | |0 (RuTPU)RU\TPU\conf\11725 |t Информационные технологии в науке, управлении, социальной сфере и медицине |o сборник научных трудов II Международной конференции, 19-22 мая 2015 г., Томск |f Национальный исследовательский Томский политехнический университет (ТПУ) ; ред. кол. О. Г. Берестнева [и др.] |v [С. 166-168] |d 2015 | |
| 510 | 1 | |a Application “Editor guitar tablature” for OS Android |z eng | |
| 610 | 1 | |a труды учёных ТПУ | |
| 610 | 1 | |a электронный ресурс | |
| 610 | 1 | |a приложения | |
| 610 | 1 | |a Android | |
| 610 | 1 | |a мобильные устройства | |
| 610 | 1 | |a Интернет | |
| 610 | 1 | |a операционные системы | |
| 700 | 1 | |a Морев |b М. С. | |
| 701 | 1 | |a Адигамова |b В. А. | |
| 712 | 0 | 2 | |a Национальный исследовательский Томский политехнический университет (ТПУ) |c (2009- ) |3 (RuTPU)RU\TPU\col\15902 |
| 801 | 2 | |a RU |b 63413507 |c 20210129 |g RCR | |
| 856 | 4 | |u http://earchive.tpu.ru/handle/11683/17326 | |
| 856 | 4 | |u http://www.lib.tpu.ru/fulltext/c/2015/C24/073.pdf | |
| 942 | |c BK | ||